000 00513nam 22001693 4500
001 198917
090 _a198917
100 _a20251110d u||y0pory50 ba
200 _aManual de ex-librística
_fpor Fausto Moreira Rato
210 _aLisboa
_cImprensa Nacional - Casa da Moeda
_d1976
215 _a238 p.
_cbrochado
_d23 cm
606 _914235
_aManuscritos. Livros raros. Bibliofilia
675 _a09
_vPT
_zpor
700 _914820
_aRato
_bFausto Moreira
801 _aPT
_bBMMN
_gRPC
830 _cFernando
_fFernando
990 _cLIVROS